| 000 | 00000nam##2200000za#4500 |
| 001 | 9.642492 |
| 003 | CaOODSP |
| 005 | 20210624223729 |
| 007 | cr ||||||||||| |
| 008 | 150407|2015||||xxc|||||o f|0| 0 fre|d |
| 020 | |a978-0-660-21311-8 |
| 040 | |aCaOODSP|bfre |
| 043 | |an-cn--- |
| 086 | 1 |aCW66-345/2015F-PDF |
| 110 | 2 |aService canadien de la faune. |
| 245 | 10|aRéserve nationale de faune de l'île Boot |h[ressource électronique] |
| 260 | |aOttawa - Ontario : |bEnvironnement Canada. |cc2015. |
| 300 | |a1p.|bcarte, photographies |
| 500 | |aLe n° de catalogue CW66-345/2013E-PDF est imprimé dans cette publication. |
| 590 | |a15-11|b2015-03-13 |
| 691 | 07|aGestion de la faune|2gcpds |
| 691 | 07|aAire de conservation|2gcpds |
| 775 | 08|tBoot Island National Wildlife Area |w(CaOODSP)9.698485 |
| 776 | 0#|tBoot Island National Wildlife Area |w(CaOODSP)9.674037 |
| 776 | 0#|tRéserve nationale de faune de l'Île Boot |w(CaOODSP)9.674038 |
| 856 | 40|ahttp://publications.gc.ca|qPDF|s488 Ko|uhttps://publications.gc.ca/collections/collection_2015/ec/CW66-345-2015-fra.pdf |